A brief history of great inventions / (Record no. 88970)

MARC details
000 -LEADER
fixed length control field 00566nam a22001937a 4500
005 - DATE AND TIME OF LATEST TRANSACTION
control field 20141013113501.0
010 ## - LCCN (DPL NO)
LC control number ENG-110945
020 ## - INTERNATIONAL STANDARD BOOK NUMBER
International Standard Book Number 9788178441436
Terms of availability 1295.00
035 ## - SYSTEM CONTROL NUMBER
System control number EN-94477
037 ## - SOURCE OF ACQUISITION
Source of stock number/acquisition DBAD/PUB
082 ## - DEWEY DECIMAL CLASSIFICATION NUMBER
Classification number 609
100 ## - MAIN ENTRY--PERSONAL NAME
Personal name Hegde, P.D.
245 ## - TITLE STATEMENT
Title A brief history of great inventions /
Statement of responsibility, etc by P.D. Hegde
260 ## - PUBLICATION, DISTRIBUTION, ETC. (IMPRINT)
Place of publication, distribution, etc New Delhi
Name of publisher, distributor, etc K. K. Publications
Date of publication, distribution, etc 2014
270 ## - ADDRESS
Address 4806/24, Bharat Ram Road, Daryaganj
City New Delhi
Postal code 110002
300 ## - PHYSICAL DESCRIPTION
Extent 440p. :
Dimensions 24cm(Hb)
Other physical details ill.
500 ## - GENERAL NOTE
General note Includes index
942 ## - ADDED ENTRY ELEMENTS (KOHA)
Source of classification or shelving scheme Dewey Decimal Classification
Item type English Books
Call number suffix HEG
Classification part 609
Holdings
Withdrawn status Lost status Not for loan Collection code Home library Current library Date acquired Source of acquisition Cost, normal purchase price Full call number Barcode Copy number Cost, replacement price Koha item type
    Not For Loan Non-fiction D.B.Act.Division D.B.Act.Division 25/09/2014 DBAD/PUB 1295.00 609 HEG EN-94477 1 1295.00 English Books

© Delhi Public Library
Hit Counter
free hit counter